000 01205nam0a22002651 4500
001 v19\rc\1254091
005 20260406184100.0
035 _a(NLR Aleph) 004409785
090 _a3989996
_c3989996
100 _a20060306d1890 |||y0rusy50 ca
101 0 _arus
102 _aRU
105 _ay z |||||
200 1 _a[Обзор деятельности
210 _aСанкт-Петербург]
_dценз. 1890
215 _a[6] с.
300 _aТекст начинается словами: В начале будущего 1891 года откроет свои действия Товарищество на паях для устройства и содержания в С.-Петербурге торцовых мостовых новой усовершенствованной Парижской системы
309 _aБез тит. л. и обл.
540 1 3 _aОбзор деятельности
710 0 2 _aОбщество водоснабжения, канализации и замощения
_cПетербург
_9394419
_3RU\NLR\AUTH\889949402
801 0 _aRU
_bNLR
_gpsbo
801 1 _aRU
_bProSoft-M
_2rusmarc
852 _aNLR
_j18.302.1.159
942 _cBOOK
980 _aNB